Leadership secrets from the Mahabharata / (Record no. 132541)
[ view plain ]
| 000 -LEADER | |
|---|---|
| fixed length control field | 01452nam a22002417a 4500 |
| 003 - CONTROL NUMBER IDENTIFIER | |
| control field | dpl |
| 005 - DATE AND TIME OF LATEST TRANSACTION | |
| control field | 20180820161306.0 |
| 008 - FIXED-LENGTH DATA ELEMENTS--GENERAL INFORMATION | |
| fixed length control field | 180820b xxu||||| |||| 00| 0 eng d |
| 010 ## - LIBRARY OF CONGRESS CONTROL NUMBER | |
| LC control number | B-132886 |
| 020 ## - INTERNATIONAL STANDARD BOOK NUMBER | |
| Terms of availability | 125.00 |
| International Standard Book Number | 014303040X |
| 035 ## - SYSTEM CONTROL NUMBER | |
| System control number | B-132886, B-132890 |
| 037 ## - SOURCE OF ACQUISITION | |
| Source of stock number/acquisition | Cen Lib/Ret |
| 040 ## - CATALOGING SOURCE | |
| Original cataloging agency | DPL |
| Language of cataloging | EN |
| Transcribing agency | 0 |
| 082 ## - DEWEY DECIMAL CLASSIFICATION NUMBER | |
| Classification number | 158.1 |
| Item number | UBE |
| 100 ## - MAIN ENTRY--PERSONAL NAME | |
| Personal name | Uberoi, Meera |
| 9 (RLIN) | 30534 |
| 245 ## - TITLE STATEMENT | |
| Title | Leadership secrets from the Mahabharata / |
| Statement of responsibility, etc | by Meera Uberoi |
| 260 ## - PUBLICATION, DISTRIBUTION, ETC. (IMPRINT) | |
| Place of publication, distribution, etc | New Delhi |
| Name of publisher, distributor, etc | Penguin Books |
| Date of publication, distribution, etc | 2003 |
| 270 ## - ADDRESS | |
| City | New Delhi |
| Address | 11 Community Centre, Panchsheel Park |
| Postal code | 110017 |
| 300 ## - PHYSICAL DESCRIPTION | |
| Extent | xix,81p. |
| Dimensions | 19cm(pbk) |
| 650 ## - SUBJECT ADDED ENTRY--TOPICAL TERM | |
| Topical term or geographic name as entry element | Success in business French-english |
| Form subdivision | |
| 9 (RLIN) | 35032 |
| 650 ## - SUBJECT ADDED ENTRY--TOPICAL TERM | |
| Topical term or geographic name as entry element | Leadership |
| 9 (RLIN) | 35033 |
| 942 ## - ADDED ENTRY ELEMENTS (KOHA) | |
| Source of classification or shelving scheme | Dewey Decimal Classification |
| Koha item type | English Books |
| Classification part | 158.1 |
| Call number suffix | UBE |
| Withdrawn status | Lost status | Damaged status | Not for loan | Home library | Current library | Date acquired | Source of acquisition | Cost, normal purchase price | Total Checkouts | Full call number | Barcode | Date last seen | Date checked out | Copy number | Cost, replacement price | Price effective from | Koha item type | Source of classification or shelving scheme | Collection code |
|---|---|---|---|---|---|---|---|---|---|---|---|---|---|---|---|---|---|---|---|
| Central Library | Central Library | 22/07/2015 | Cen Lib/Ret | 125.00 | 1 | 158.1 UBE | B-132886 | 05/01/2019 | 23/12/2018 | 1 | 125.00 | 22/07/2015 | English Books | ||||||
| Shahdara Branch | Shahdara Branch | 20/08/2018 | BPPD/PUB | 0.00 | 158.1 UBE | B-132890 | 20/08/2018 | 0.00 | 20/08/2018 | English Books | Dewey Decimal Classification | Non-fiction |
